The Trengganu timber Malay house

Bibliographic Details
Main Author: Raja Bahrin Shah Raja Ahmad Shah
Format: Book
Published: Kuala Lumpur : PETRONAS , 1988
Subjects:

MARC

LEADER 00000cam a2200000 7i4500
001 0000003679
002 000003962
005 20000330.0
020 |a 9839955403 
090 0 0 |a 728.37   |b RAJ 
100 0 |a Raja Bahrin Shah Raja Ahmad Shah 
245 1 4 |a The Trengganu timber Malay house   |c Raja Bahrin Shah bin Raja Ahmad Shah 
260 |a Kuala Lumpur :   |b PETRONAS ,   |c 1988 
300 |a 83p. :   |b ill ;   |c 25cm. 
650 0 0 |a Malay house   |z Terengganu 
999 |a 00158305   |b BUKU   |c MALAYSIANA   |e PERPUSTAKAAN KOMUNITI PETALING JAYA 
999 |a 037130   |b BUKU   |c MALAYSIANA   |e PERPUSTAKAAN KOMUNITI PETALING JAYA